00749cam a2200217Mi 450000500170000000800410001702000180005803500210007604000500009704100080014724500460015526000630020130000230026449000580028750400530034565000100039865000230040865000380043165000300046970000320049920150325095131.0150325s2003 xxu fr 001 0 eng d a9780195152258 a(OCoLC)752379445 aCO-BoUCMbspacJose A. GerenadJose A. Gerena0 aeng00aTeaching Islamceditor Brannon M. Wheeler aNueva York (Estados Unidos)bOxford University pressc2003 axxi, 226 páginas0 aAmerican ademy of religion teaching religious studies aIncluye referencias bibliográficas e índices 7aIslam 7aIslamxEnseñanza 7aPedagogía xAspectos religiosos 7aFilosofía y religión 1 aWheeler, Brannon M.eeditor